Scooby-Doo and Scrappy-Doo Villains - Statistics

General Stats
  • This quiz has been taken 40 times
  • The average score is 13 of 55
Answer Stats
Picture Answer % Correct
Neon Phantom
69%
Demon Snake
62%
Sky Skeleton
62%
The Alien
62%
The Blue Scarab
62%
Devil Bear
54%
Maid Mummy
54%
Minotaur
54%
Minotaur
54%
Mud Monster
54%
The Mummy
54%
Dragon Beast
46%
Seaweed Monster
46%
Great White Shark
38%
Star Creature
38%
Ghost of Abraham Lincoln
31%
Ghost of Sherlock Holmes
31%
Ghost of the Great Haldane
31%
Helping Hand
31%
Shadow Creature
31%
The Night Ghoul of London
31%
Dinosaur
23%
Ghost of Christmas Never
23%
Ghost of Jeremiah Pratt
23%
Randar the Ape Man
23%
Cyclops
15%
Ghost of George Washington
15%
Ghost of Theodore Roosevelt
15%
Giant Bees
15%
Gorilla
15%
Hound of the Barkervilles
15%
Lady Vampire of the Bay
15%
Monster Mutt
15%
Olaf the Terrible
15%
Evil Elf
8%
Ghost of Chef Maras
8%
Ghost of McBaggy Rogers
8%
Ghost of Ulysses S. Grant
8%
Gremlin
8%
Neanderthal Monster of Devil's Rock
8%
Red Skull
8%
Sea Beast of the Aztecs
8%
Sea Demons
8%
Specter of Sports Cars
8%
Chandra
0%
Creature From Chem Lab
0%
Ghost of Casey O'Riley
0%
Ghost of Colonel Beaureguard
0%
Ghost of Dr. Van Helsing
0%
Ghost of Ebenezer Overview
0%
Ghost of Hamlet
0%
Mad Sea Lion
0%
Major Berch
0%
Mastermind
0%
The Phantom of the Soaps
0%
No matching quizzes found
Score Distribution
Percent of People with Each Score
Percentile by Number Answered
Your Score History
You have not taken this quiz